Statistics for Islands by Satellite Image #10

Click here to take the quiz!

General Stats

  • This quiz has been taken 15 times
  • The average score is 5 of 16

Answer Stats

Answer% Correct
Barbuda
50%
Anguilla
43%
Kiritimati
43%
Severny Island
43%
East Falkland
36%
Norfolk Island
36%
Skye
36%
Guadalcanal
29%
Samos
29%
Axel Heiberg Island
21%
La Gomera
21%
Leyte
21%
Salsette
21%
Seram
14%
Texel
14%
Tobago
14%

Score Distribution

Percentile by Number Answered

Percent of People with Each Score

Your Score History

You have not taken this quiz